Catálogo
 En Linea

L'annee Dessalines : (Registro nro. 19375)

Detalles MARC
000 -CABECERA
campo de control de longitud fija 00521cam a22001817a 4500
001 - NÚMERO DE CONTROL
campo de control 000019862
005 - FECHA Y HORA DE LA ÚLTIMA TRANSACCIÓN
campo de control 20200929170152.0
008 - DATOS DE LONGITUD FIJA--INFORMACIÓN GENERAL
campo de control de longitud fija 870819s1986 fr 000 0 fre
010 ## - NÚMERO DE CONTROL DE LA BIBLIOTECA DEL CONGRESO
Número de control de LC 87869162
020 ## - NÚMERO INTERNACIONAL ESTÁNDAR DEL LIBRO
Número Internacional Estándar del Libro 2070707903 :
Condiciones de disponibilidad 94.00F
040 ## - FUENTE DE LA CATALOGACIÓN
Centro catalogador/agencia de origen DO-SdBNP
Centro/agencia transcriptor DLC
Centro/agencia modificador DLC
050 00 - SIGNATURA TOPOGRÁFICA DE LA BIBLIOTECA DEL CONGRESO
Número de clasificación MLCS 87/05149 (P)
100 1# - ENTRADA PRINCIPAL--NOMBRE DE PERSONA
Nombre de persona Metellus, Jean,
Fechas asociadas al nombre 1937-
9 (RLIN) 42386
245 12 - MENCIÓN DE TÍTULO
Título L'annee Dessalines :
Resto del título roman /
Mención de responsabilidad, etc. Jean Metellus.
260 ## - PUBLICACIÓN, DISTRIBUCIÓN, ETC.
Lugar de publicación, distribución, etc. [Paris] :
Nombre del editor, distribuidor, etc. Gallimard,
Fecha de publicación, distribución, etc. c1986.
300 ## - DESCRIPCIÓN FÍSICA
Extensión 281 p. ;
Dimensiones 21 cm.
910 ## - DATOS DE OPCIÓN DEL USUARIO (OCLC)
Datos de opción del usuario Catalogación derivada / LC
Existencias
Estado de retiro Estado de pérdida Restricciones de uso No para préstamo Código de colección Localización permanente Ubicación/localización actual Ubicación en estantería Fecha de adquisición Número de inventario Total de préstamos Signatura topográfica completa Código de barras Fecha visto por última vez Precio válido a partir de Tipo de ítem Koha
      Excluido de préstamo Monografías: Libros y Folletos General General En catalogación 08.07.2010 LF1   19862-10 25.06.2020 25.06.2020 No se presta

Con tecnología Koha